[Event "DVM U20w 2022"]
[Site "Münster GER"]
[Date "2022.12.30"]
[Round "7"]
[White "Müdder, Melanie"]
[Black "Dietz, Kristin"]
[Result "0-1"]
[Termination "normal"]
[Board "2.1"]
[WhiteElo "1927"]
[BlackElo "1762"]
[WhiteClock "00:06:28"]
[BlackClock "00:40:01"]
[WhiteTeam "Schachgesellschaft Solingen e. V."]
[BlackTeam "USV Halle"]
[PlyCount "96"]
[WhiteFideId "12994103"]
[BlackFideId "12993743"]
[EventCountry "GER"]
[EventRounds "7"]
[EventType "team-swiss"]
[EventDate "2022.12.26"]

1. e4 {[%clk 01:30:57]} {[%emt 00:00:02]} c6 {[%clk 01:30:55]} {[%emt
00:00:06]} 2. d4 {[%clk 01:30:10]} {[%emt 00:01:17]} d5 {[%clk 01:31:13]}
{[%emt 00:00:11]} 3. f3 {[%clk 01:30:27]} {[%emt 00:00:13]} e6 {[%clk
01:27:34]} {[%emt 00:04:09]} 4. Nc3 {[%clk 01:28:35]} {[%emt 00:02:22]} Bb4
{[%clk 01:24:02]} {[%emt 00:04:02]} 5. Bd2 {[%clk 01:24:42]} {[%emt 00:04:23]}
Bxc3 {[%clk 01:17:56]} {[%emt 00:06:35]} 6. Bxc3 {[%clk 01:23:19]} {[%emt
00:01:53]} dxe4 {[%clk 01:18:20]} {[%emt 00:00:07]} 7. Nh3 {[%clk 01:21:24]}
{[%emt 00:02:24]} exf3 {[%clk 01:16:33]} {[%emt 00:02:17]} 8. Qxf3 {[%clk
01:21:40]} {[%emt 00:00:14]} Qf6 {[%clk 01:14:09]} {[%emt 00:02:54]} 9. Qe2
{[%clk 01:06:06]} {[%emt 00:16:05]} Nd7 {[%clk 01:12:03]} {[%emt 00:02:36]} 10.
O-O-O {[%clk 00:52:13]} {[%emt 00:14:23]} Ne7 {[%clk 01:10:51]} {[%emt
00:01:43]} 11. Nf2 {[%clk 00:43:40]} {[%emt 00:09:02]} Nd5 {[%clk 01:08:53]}
{[%emt 00:02:28]} 12. Ne4 {[%clk 00:40:52]} {[%emt 00:03:18]} Qe7 {[%clk
01:09:08]} {[%emt 00:00:15]} 13. Be1 {[%clk 00:36:01]} {[%emt 00:05:21]} O-O
{[%clk 01:04:17]} {[%emt 00:05:21]} 14. Bg3 {[%clk 00:32:45]} {[%emt 00:21:05]}
e5 15. dxe5 {[%clk 00:22:46]} Nxe5 {[%clk 01:04:01]} 16. h3 {[%clk 00:18:50]}
Re8 {[%clk 01:02:09]} {[%emt 00:01:11]} 17. Qh5 {[%clk 00:13:55]} {[%emt
00:05:24]} f6 {[%clk 00:57:56]} {[%emt 00:04:44]} 18. Re1 {[%clk 00:09:20]}
{[%emt 00:05:04]} Bd7 {[%clk 00:57:30]} {[%emt 00:00:56]} 19. Nd2 {[%clk
00:04:16]} {[%emt 00:05:34]} Qf7 {[%clk 00:57:30]} {[%emt 00:00:29]} 20. Be2
{[%clk 00:03:39]} {[%emt 00:01:08]} g6 {[%clk 00:54:56]} {[%emt 00:03:04]} 21.
Qh4 {[%clk 00:02:52]} {[%emt 00:01:17]} Ne3 {[%clk 00:53:52]} {[%emt 00:01:33]}
22. Qd4 {[%clk 00:01:40]} {[%emt 00:01:43]} Nf5 {[%clk 00:53:43]} {[%emt
00:00:38]} 23. Qc3 {[%clk 00:01:22]} {[%emt 00:00:48]} Nxg3 {[%clk 00:52:22]}
{[%emt 00:01:51]} 24. Qxg3 {[%clk 00:01:50]} {[%emt 00:00:02]} Qxa2 {[%clk
00:52:11]} {[%emt 00:00:41]} 25. Rhf1 {[%clk 00:01:29]} {[%emt 00:00:51]} Kg7
{[%clk 00:50:30]} {[%emt 00:02:12]} 26. Qf4 {[%clk 00:01:14]} {[%emt 00:00:45]}
Qa1 {[%clk 00:49:02]} {[%emt 00:01:57]} 27. Nb1 {[%clk 00:01:37]} {[%emt
00:00:07]} Rf8 {[%clk 00:48:40]} {[%emt 00:00:52]} 28. Qb4 {[%clk 00:01:40]}
{[%emt 00:00:27]} b5 {[%clk 00:47:57]} {[%emt 00:01:14]} 29. Kd2 {[%clk
00:01:14]} {[%emt 00:00:56]} a5 {[%clk 00:47:25]} {[%emt 00:01:01]} 30. Qc3
{[%clk 00:00:56]} {[%emt 00:00:48]} Qa4 {[%clk 00:47:07]} {[%emt 00:00:46]} 31.
Kc1 {[%clk 00:00:56]} {[%emt 00:00:32]} Bf5 {[%clk 00:46:23]} {[%emt 00:01:13]}
32. g4 {[%clk 00:01:13]} {[%emt 00:00:14]} b4 {[%clk 00:46:17]} {[%emt
00:00:36]} 33. Qc5 {[%clk 00:01:03]} {[%emt 00:00:39]} Nd7 {[%clk 00:45:48]}
{[%emt 00:00:53]} 34. Qc4 {[%clk 00:01:05]} {[%emt 00:00:34]} Ne5 {[%clk
00:44:46]} {[%emt 00:01:32]} 35. Qc5 {[%clk 00:01:32]} {[%emt 00:00:04]} Be4
{[%clk 00:43:44]} {[%emt 00:01:31]} 36. g5 {[%clk 00:01:48]} {[%emt 00:00:15]}
Rae8 {[%clk 00:42:18]} {[%emt 00:01:57]} 37. gxf6 {[%clk 00:01:05]} {[%emt
00:01:13]} Rxf6 {[%clk 00:42:24]} {[%emt 00:00:22]} 38. Rxf6 {[%clk 00:01:05]}
{[%emt 00:00:31]} Kxf6 {[%clk 00:42:44]} {[%emt 00:00:09]} 39. Rf1 {[%clk
00:01:18]} {[%emt 00:00:17]} Kg7 {[%clk 00:40:24]} {[%emt 00:02:50]} 40. Bd1
{[%clk 00:00:51]} {[%emt 00:00:58]} Qb5 {[%clk 00:38:12]} {[%emt 00:02:42]} 41.
Qf2 {[%clk 00:29:10]} {[%emt 00:02:09]} Qd5 {[%clk 01:01:04]} {[%emt 00:07:39]}
42. Nd2 {[%clk 00:24:25]} {[%emt 00:05:15]} Bf5 {[%clk 01:00:30]} {[%emt
00:01:03]} 43. Re1 {[%clk 00:23:55]} {[%emt 00:01:01]} Rd8 {[%clk 00:48:09]}
{[%emt 00:12:51]} 44. Qf4 {[%clk 00:19:57]} {[%emt 00:04:28]} Nf7 {[%clk
00:46:58]} {[%emt 00:01:40]} 45. Bf3 {[%clk 00:15:23]} {[%emt 00:05:04]} Qd4
{[%clk 00:43:06]} {[%emt 00:04:22]} 46. Qh2 {[%clk 00:11:14]} {[%emt 00:04:39]}
a4 {[%clk 00:39:42]} {[%emt 00:03:55]} 47. Qg1 {[%clk 00:06:28]} {[%emt
00:05:16]} Qxd2 {[%clk 00:40:01]} {[%emt 00:00:11]} 48. Bd5 Qxd5 0-1

[Event "DVM U20w 2022"]
[Site "Münster GER"]
[Date "2022.12.30"]
[Round "7"]
[White "Voigt, Anastasia"]
[Black "Rudolph, Eva"]
[Result "1-0"]
[Termination "normal"]
[Board "2.2"]
[WhiteElo "1825"]
[BlackElo "1818"]
[WhiteClock "00:27:01"]
[BlackClock "00:09:47"]
[WhiteTeam "USV Halle"]
[BlackTeam "Schachgesellschaft Solingen e. V."]
[PlyCount "132"]
[WhiteFideId "16235223"]
[BlackFideId "16200594"]
[EventCountry "GER"]
[EventRounds "7"]
[EventType "team-swiss"]
[EventDate "2022.12.26"]

1. e4 {[%clk 01:30:58]} c5 {[%clk 01:30:50]} {[%emt 00:00:11]} 2. Nf3 {[%clk
01:31:24]} {[%emt 00:00:04]} Nc6 {[%clk 01:31:15]} {[%emt 00:00:05]} 3. d4
{[%clk 01:31:46]} {[%emt 00:00:08]} cxd4 {[%clk 01:31:40]} {[%emt 00:00:05]} 4.
Nxd4 {[%clk 01:32:11]} {[%emt 00:00:05]} e5 {[%clk 01:32:04]} {[%emt 00:00:07]}
5. Nb5 {[%clk 01:31:33]} {[%emt 00:01:07]} a6 {[%clk 01:32:26]} {[%emt
00:00:08]} 6. Nd6 {[%clk 01:31:58]} {[%emt 00:00:05]} Bxd6 {[%clk 01:32:49]}
{[%emt 00:00:07]} 7. Qxd6 {[%clk 01:32:24]} {[%emt 00:00:04]} Qf6 {[%clk
01:33:12]} {[%emt 00:00:07]} 8. Qd1 {[%clk 01:32:12]} {[%emt 00:00:41]} Qg6
{[%clk 01:33:29]} {[%emt 00:00:14]} 9. Nc3 {[%clk 01:29:44]} {[%emt 00:02:58]}
d5 {[%clk 01:33:47]} {[%emt 00:00:13]} 10. exd5 {[%clk 01:21:33]} {[%emt
00:08:41]} Nd4 {[%clk 01:33:17]} {[%emt 00:01:00]} 11. Bd3 {[%clk 01:20:14]}
{[%emt 00:01:49]} Qxg2 {[%clk 01:32:47]} {[%emt 00:01:01]} 12. Be4 {[%clk
01:20:30]} {[%emt 00:00:12]} Qh3 {[%clk 01:24:01]} {[%emt 00:09:17]} 13. Be3
{[%clk 01:07:54]} {[%emt 00:13:05]} Bg4 {[%clk 01:18:26]} {[%emt 00:06:06]} 14.
Qd3 {[%clk 00:54:43]} {[%emt 00:13:40]} Nf6 {[%clk 01:02:37]} {[%emt 00:16:20]}
15. Bxd4 {[%clk 00:51:33]} {[%emt 00:03:40]} Qxd3 {[%clk 00:41:44]} {[%emt
00:33:27]} 16. Bxd3 {[%clk 00:51:26]} exd4 {[%clk 00:42:08]} 17. Ne2 {[%clk
00:50:07]} Nxd5 {[%clk 00:39:26]} 18. Nxd4 {[%clk 00:50:08]} O-O-O {[%clk
00:34:35]} 19. Rg1 {[%clk 00:44:30]} {[%emt 00:05:33]} h5 {[%clk 00:34:19]}
{[%emt 00:00:48]} 20. c3 {[%clk 00:42:31]} {[%emt 00:02:28]} Nf4 {[%clk
00:31:40]} {[%emt 00:03:06]} 21. Kd2 {[%clk 00:40:28]} {[%emt 00:02:34]} Rhe8
{[%clk 00:28:45]} {[%emt 00:03:27]} 22. Rae1 {[%clk 00:37:34]} {[%emt
00:03:23]} Nxd3 {[%clk 00:23:11]} {[%emt 00:06:05]} 23. Kxd3 {[%clk 00:37:47]}
{[%emt 00:00:16]} Bf5 {[%clk 00:22:25]} {[%emt 00:01:16]} 24. Kd2 {[%clk
00:38:06]} {[%emt 00:00:11]} Bg6 {[%clk 00:22:33]} {[%emt 00:00:23]} 25. f4
{[%clk 00:37:48]} {[%emt 00:00:47]} Rxe1 {[%clk 00:19:52]} {[%emt 00:03:13]}
26. Kxe1 {[%clk 00:37:02]} {[%emt 00:01:16]} Rd5 {[%clk 00:19:37]} {[%emt
00:00:44]} 27. Kf2 {[%clk 00:33:47]} {[%emt 00:03:46]} Kd7 {[%clk 00:18:37]}
{[%emt 00:01:30]} 28. Ke3 {[%clk 00:24:54]} {[%emt 00:09:22]} Ke7 {[%clk
00:16:56]} {[%emt 00:02:11]} 29. a4 {[%clk 00:17:27]} {[%emt 00:07:58]} Kf6
{[%clk 00:16:32]} {[%emt 00:00:54]} 30. b4 {[%clk 00:17:11]} {[%emt 00:00:46]}
Rd7 {[%clk 00:15:54]} {[%emt 00:01:04]} 31. Re1 {[%clk 00:16:04]} {[%emt
00:01:40]} Re7 {[%clk 00:12:38]} {[%emt 00:03:47]} 32. Kd2 {[%clk 00:16:22]}
{[%emt 00:00:11]} Rxe1 {[%clk 00:12:35]} {[%emt 00:00:34]} 33. Kxe1 {[%clk
00:16:44]} {[%emt 00:00:08]} Bd3 {[%clk 00:12:06]} {[%emt 00:00:59]} 34. Kd2
{[%clk 00:16:41]} {[%emt 00:00:32]} Bc4 {[%clk 00:12:05]} {[%emt 00:00:30]} 35.
h4 {[%clk 00:16:04]} {[%emt 00:01:06]} g6 {[%clk 00:08:44]} {[%emt 00:03:54]}
36. Ke3 {[%clk 00:12:25]} {[%emt 00:04:08]} Ke7 {[%clk 00:07:33]} {[%emt
00:01:38]} 37. Nf3 {[%clk 00:12:04]} {[%emt 00:00:55]} f6 {[%clk 00:06:00]}
{[%emt 00:02:04]} 38. Nd2 {[%clk 00:10:19]} {[%emt 00:02:14]} Bd5 {[%clk
00:03:34]} {[%emt 00:02:57]} 39. c4 {[%clk 00:09:44]} {[%emt 00:01:05]} Bc6
{[%clk 00:02:24]} {[%emt 00:01:39]} 40. b5 {[%clk 00:06:28]} {[%emt 00:03:47]}
axb5 {[%clk 00:02:29]} {[%emt 00:00:25]} 41. cxb5 {[%clk 00:05:58]} {[%emt
00:00:59]} Bd5 {[%clk 00:24:04]} {[%emt 00:08:54]} 42. Ne4 {[%clk 00:34:07]}
{[%emt 00:02:21]} Ke6 {[%clk 00:23:44]} {[%emt 00:00:50]} 43. Kd4 {[%clk
00:32:45]} {[%emt 00:01:53]} f5 {[%clk 00:14:36]} {[%emt 00:09:38]} 44. Nc5
{[%clk 00:32:15]} {[%emt 00:00:59]} Kd6 {[%clk 00:14:50]} {[%emt 00:00:16]} 45.
a5 {[%clk 00:31:42]} {[%emt 00:01:02]} Bf3 {[%clk 00:14:32]} {[%emt 00:00:48]}
46. Nd3 {[%clk 00:31:09]} {[%emt 00:01:02]} Be2 {[%clk 00:13:55]} {[%emt
00:01:08]} 47. Nc5 {[%clk 00:27:48]} {[%emt 00:03:51]} Bf3 {[%clk 00:13:32]}
{[%emt 00:00:54]} 48. a6 {[%clk 00:23:02]} {[%emt 00:05:15]} bxa6 {[%clk
00:13:52]} {[%emt 00:00:11]} 49. bxa6 {[%clk 00:23:27]} {[%emt 00:00:06]} Bc6
{[%clk 00:13:18]} {[%emt 00:01:02]} 50. a7 {[%clk 00:22:35]} {[%emt 00:01:22]}
Kc7 {[%clk 00:11:52]} {[%emt 00:01:56]} 51. Ke5 {[%clk 00:22:47]} {[%emt
00:00:18]} Kb6 {[%clk 00:11:40]} {[%emt 00:00:42]} 52. Ne6 {[%clk 00:23:06]}
{[%emt 00:00:09]} Kxa7 {[%clk 00:11:18]} {[%emt 00:00:54]} 53. Kf6 {[%clk
00:23:31]} {[%emt 00:00:05]} Kb6 {[%clk 00:10:56]} {[%emt 00:00:52]} 54. Kxg6
{[%clk 00:23:48]} {[%emt 00:00:12]} Be8 {[%clk 00:10:46]} {[%emt 00:00:41]} 55.
Kg5 {[%clk 00:23:41]} {[%emt 00:00:35]} Kc6 {[%clk 00:10:21]} {[%emt 00:00:57]}
56. Ng7 {[%clk 00:24:05]} {[%emt 00:00:06]} Bf7 {[%clk 00:10:12]} {[%emt
00:00:39]} 57. Nxh5 {[%clk 00:24:15]} {[%emt 00:00:21]} Kd5 {[%clk 00:10:15]}
{[%emt 00:00:26]} 58. Ng7 {[%clk 00:24:39]} {[%emt 00:00:07]} Ke4 {[%clk
00:10:01]} {[%emt 00:00:42]} 59. Nxf5 {[%clk 00:24:58]} {[%emt 00:00:13]} Be6
{[%clk 00:09:35]} {[%emt 00:00:55]} 60. Ng7 {[%clk 00:25:16]} {[%emt 00:00:11]}
Bg8 {[%clk 00:08:27]} {[%emt 00:01:39]} 61. h5 {[%clk 00:25:06]} {[%emt
00:00:39]} Bf7 {[%clk 00:08:41]} {[%emt 00:00:16]} 62. h6 {[%clk 00:25:30]}
{[%emt 00:00:07]} Bg8 {[%clk 00:09:07]} {[%emt 00:00:04]} 63. f5 {[%clk
00:25:56]} {[%emt 00:00:03]} Ke5 {[%clk 00:09:25]} {[%emt 00:00:11]} 64. f6
{[%clk 00:26:18]} {[%emt 00:00:07]} Kd6 {[%clk 00:09:28]} {[%emt 00:00:27]} 65.
f7 {[%clk 00:26:34]} {[%emt 00:00:15]} Bxf7 {[%clk 00:09:47]} {[%emt 00:00:12]}
66. h7 {[%clk 00:27:01]} {[%emt 00:00:03]} Kd5 {[%emt 00:00:33]} 1-0

[Event "DVM U20w 2022"]
[Site "Münster GER"]
[Date "2022.12.30"]
[Round "7"]
[White "Sereda, Yaroslava"]
[Black "Stowicek, Yara Mathilda"]
[Result "1-0"]
[Termination "normal"]
[Board "2.3"]
[WhiteElo "1885"]
[BlackElo "1764"]
[WhiteClock "00:04:26"]
[BlackClock "00:52:45"]
[WhiteTeam "Schachgesellschaft Solingen e. V."]
[BlackTeam "USV Halle"]
[PlyCount "55"]
[WhiteFideId "14178940"]
[BlackFideId "16203569"]
[EventCountry "GER"]
[EventRounds "7"]
[EventType "team-swiss"]
[EventDate "2022.12.26"]

1. e4 {[%clk 01:30:57]} {[%emt 00:00:02]} e5 {[%clk 01:30:55]} {[%emt
00:00:06]} 2. Nf3 {[%clk 01:31:19]} {[%emt 00:00:08]} Nc6 {[%clk 01:31:14]}
{[%emt 00:00:11]} 3. Bb5 {[%clk 01:31:33]} {[%emt 00:00:16]} a6 {[%clk
01:31:34]} {[%emt 00:00:09]} 4. Ba4 {[%clk 01:31:56]} {[%emt 00:00:07]} Nf6
{[%clk 01:31:44]} {[%emt 00:00:20]} 5. Qe2 {[%clk 01:29:59]} {[%emt 00:02:27]}
b5 {[%clk 01:29:52]} {[%emt 00:02:23]} 6. Bb3 {[%clk 01:30:09]} {[%emt
00:00:20]} Be7 {[%clk 01:30:03]} {[%emt 00:00:19]} 7. O-O {[%clk 01:26:24]}
{[%emt 00:04:14]} O-O {[%clk 01:30:07]} {[%emt 00:00:26]} 8. c3 {[%clk
01:13:48]} {[%emt 00:13:05]} d6 {[%clk 01:30:09]} {[%emt 00:00:29]} 9. h3
{[%clk 01:10:39]} {[%emt 00:03:39]} Na5 {[%clk 01:29:30]} {[%emt 00:01:09]} 10.
Bc2 {[%clk 01:08:54]} {[%emt 00:02:15]} c5 {[%clk 01:27:44]} {[%emt 00:02:16]}
11. d4 {[%clk 01:04:14]} {[%emt 00:05:10]} Nc6 {[%clk 01:26:36]} {[%emt
00:01:38]} 12. Rd1 {[%clk 01:01:12]} {[%emt 00:03:31]} Qc7 {[%clk 01:26:32]}
{[%emt 00:00:34]} 13. Be3 {[%clk 00:55:44]} {[%emt 00:05:57]} Bb7 {[%clk
01:23:18]} {[%emt 00:03:45]} 14. d5 {[%clk 00:46:58]} {[%emt 00:09:16]} Na5
{[%clk 01:20:14]} {[%emt 00:03:34]} 15. Nbd2 {[%clk 00:43:11]} {[%emt
00:04:16]} Bc8 {[%clk 01:16:29]} {[%emt 00:04:16]} 16. Nh2 {[%clk 00:35:32]}
{[%emt 00:08:09]} Nb7 {[%clk 01:12:27]} {[%emt 00:04:32]} 17. f4 {[%clk
00:29:21]} {[%emt 00:06:41]} Nd7 {[%clk 01:11:53]} {[%emt 00:01:05]} 18. f5
{[%clk 00:24:16]} {[%emt 00:18:02]} c4 {[%clk 01:10:12]} 19. g4 {[%clk
00:21:40]} f6 {[%clk 01:07:52]} 20. h4 {[%clk 00:18:45]} Nbc5 {[%clk 01:03:13]}
{[%emt 00:04:11]} 21. g5 {[%clk 00:15:54]} {[%emt 00:03:20]} g6 {[%clk
01:01:47]} {[%emt 00:01:56]} 22. Qg2 {[%clk 00:13:12]} {[%emt 00:03:12]} Kh8
{[%clk 01:00:11]} {[%emt 00:02:07]} 23. fxg6 {[%clk 00:09:22]} {[%emt
00:04:21]} hxg6 {[%clk 01:00:23]} {[%emt 00:00:17]} 24. Kh1 {[%clk 00:08:01]}
{[%emt 00:01:50]} f5 {[%clk 00:54:08]} {[%emt 00:06:45]} 25. exf5 {[%clk
00:05:18]} {[%emt 00:03:14]} gxf5 {[%clk 00:54:24]} {[%emt 00:00:14]} 26. g6
{[%clk 00:04:55]} {[%emt 00:00:52]} Kg7 {[%clk 00:53:27]} {[%emt 00:01:27]} 27.
h5 {[%clk 00:04:33]} {[%emt 00:00:53]} f4 {[%clk 00:52:45]} {[%emt 00:01:12]}
28. h6 {[%clk 00:04:26]} {[%emt 00:00:36]} 1-0

[Event "DVM U20w 2022"]
[Site "Münster GER"]
[Date "2022.12.30"]
[Round "7"]
[White "Derling, Charlotte"]
[Black "Dhanasekaran Meenambigai, Diya"]
[Result "1-0"]
[Termination "normal"]
[Board "2.4"]
[WhiteElo "1627"]
[BlackElo "1437"]
[WhiteClock "00:24:29"]
[BlackClock "01:05:38"]
[WhiteTeam "USV Halle"]
[BlackTeam "Schachgesellschaft Solingen e. V."]
[PlyCount "91"]
[WhiteFideId "16222237"]
[BlackFideId "34611924"]
[EventCountry "GER"]
[EventRounds "7"]
[EventType "team-swiss"]
[EventDate "2022.12.26"]

1. e4 {[%clk 01:30:57]} {[%emt 00:00:02]} c5 {[%clk 01:30:52]} {[%emt
00:00:08]} 2. Nf3 {[%clk 01:31:15]} {[%emt 00:00:13]} d6 {[%clk 01:31:13]}
{[%emt 00:00:09]} 3. d4 {[%clk 01:31:32]} {[%emt 00:00:13]} cxd4 {[%clk
01:31:32]} {[%emt 00:00:11]} 4. Nxd4 {[%clk 01:31:51]} {[%emt 00:00:11]} Nf6
{[%clk 01:31:40]} {[%emt 00:00:23]} 5. Nc3 {[%clk 01:31:50]} {[%emt 00:00:30]}
g6 {[%clk 01:31:06]} {[%emt 00:01:04]} 6. Be3 {[%clk 01:31:17]} {[%emt
00:01:03]} Bg7 {[%clk 01:30:49]} {[%emt 00:00:48]} 7. f3 {[%clk 01:30:12]}
{[%emt 00:01:35]} Nc6 {[%clk 01:30:29]} {[%emt 00:00:48]} 8. Qd2 {[%clk
01:29:41]} {[%emt 00:01:02]} O-O {[%clk 01:30:13]} {[%emt 00:00:46]} 9. Bc4
{[%clk 01:27:42]} {[%emt 00:02:27]} Bd7 {[%clk 01:28:20]} {[%emt 00:02:26]} 10.
O-O-O {[%clk 01:23:34]} {[%emt 00:04:38]} Rc8 {[%clk 01:26:57]} {[%emt
00:01:52]} 11. Bb3 {[%clk 01:23:37]} {[%emt 00:00:28]} Ne5 {[%clk 01:24:21]}
{[%emt 00:03:06]} 12. g4 {[%clk 01:06:57]} {[%emt 00:17:09]} Qa5 {[%clk
01:18:26]} {[%emt 00:06:24]} 13. Kb1 {[%clk 01:01:59]} {[%emt 00:05:28]} Nc4
{[%clk 01:15:56]} {[%emt 00:03:01]} 14. Bxc4 {[%clk 01:01:38]} {[%emt
00:00:52]} Rxc4 {[%clk 01:15:45]} {[%emt 00:00:41]} 15. h4 {[%clk 00:57:51]}
{[%emt 00:04:17]} Rfc8 {[%clk 01:15:44]} {[%emt 00:00:30]} 16. Nb3 {[%clk
00:54:42]} {[%emt 00:03:40]} Qa6 {[%clk 01:14:39]} {[%emt 00:01:35]} 17. h5
{[%clk 00:50:25]} {[%emt 00:04:47]} Rxc3 {[%clk 01:12:49]} {[%emt 00:02:20]}
18. bxc3 {[%clk 00:50:05]} {[%emt 00:00:50]} Nxg4 {[%clk 01:10:31]} {[%emt
00:02:48]} 19. Bd4 {[%clk 00:28:07]} {[%emt 00:36:24]} e5 {[%clk 01:00:46]} 20.
Bg1 {[%clk 00:21:42]} {[%emt 00:03:10]} Nf6 {[%clk 01:00:17]} {[%emt 00:01:00]}
21. hxg6 {[%clk 00:18:50]} {[%emt 00:03:22]} fxg6 {[%clk 01:00:18]} {[%emt
00:00:28]} 22. Qxd6 {[%clk 00:17:48]} {[%emt 00:01:32]} Qc4 {[%clk 00:57:41]}
{[%emt 00:03:07]} 23. Qxe5 {[%clk 00:14:20]} {[%emt 00:03:58]} Qe2 {[%clk
00:56:11]} {[%emt 00:02:00]} 24. Bd4 {[%clk 00:12:36]} {[%emt 00:02:14]} Qxf3
{[%clk 00:54:58]} {[%emt 00:01:42]} 25. Rhf1 {[%clk 00:12:01]} {[%emt
00:01:05]} Qg4 {[%clk 00:48:08]} {[%emt 00:07:20]} 26. Qf4 {[%clk 00:09:41]}
{[%emt 00:02:50]} Qxf4 {[%clk 00:48:02]} {[%emt 00:00:37]} 27. Rxf4 {[%clk
00:10:01]} {[%emt 00:00:09]} Nh5 {[%clk 00:47:23]} {[%emt 00:01:10]} 28. Rf2
{[%clk 00:09:28]} {[%emt 00:01:03]} Bxd4 {[%clk 00:45:52]} {[%emt 00:02:02]}
29. cxd4 {[%clk 00:09:38]} {[%emt 00:00:20]} Re8 {[%clk 00:42:39]} {[%emt
00:03:42]} 30. Re1 {[%clk 00:08:40]} {[%emt 00:01:28]} Bf5 {[%clk 00:41:58]}
{[%emt 00:01:11]} 31. e5 {[%clk 00:06:36]} {[%emt 00:02:34]} Nf6 {[%clk
00:41:10]} {[%emt 00:01:18]} 32. Kb2 {[%clk 00:06:31]} {[%emt 00:00:34]} Ne4
{[%clk 00:40:57]} {[%emt 00:00:43]} 33. Rfe2 {[%clk 00:06:17]} {[%emt
00:00:45]} Ng3 {[%clk 00:40:19]} {[%emt 00:01:09]} 34. Re3 {[%clk 00:06:21]}
{[%emt 00:00:25]} Nh5 {[%clk 00:39:57]} {[%emt 00:00:53]} 35. c4 {[%clk
00:04:58]} {[%emt 00:01:52]} Nf4 {[%clk 00:39:53]} {[%emt 00:00:34]} 36. Rg1
{[%clk 00:03:20]} {[%emt 00:02:09]} Nd3 {[%clk 00:39:24]} {[%emt 00:00:59]} 37.
Kc3 {[%clk 00:03:20]} {[%emt 00:00:29]} Nf4 {[%clk 00:39:06]} {[%emt 00:00:48]}
38. d5 {[%clk 00:02:10]} {[%emt 00:01:40]} Kf7 {[%clk 00:37:09]} {[%emt
00:02:27]} 39. Nd4 {[%clk 00:02:04]} {[%emt 00:00:36]} Rc8 {[%clk 00:36:19]}
{[%emt 00:01:20]} 40. Kb3 {[%clk 00:01:22]} {[%emt 00:01:12]} a5 {[%clk
00:35:40]} {[%emt 00:01:09]} 41. Nxf5 {[%clk 00:30:30]} {[%emt 00:01:21]} gxf5
{[%clk 01:05:45]} {[%emt 00:00:25]} 42. Rg5 {[%clk 00:28:29]} {[%emt 00:02:31]}
Ng6 {[%clk 01:05:39]} {[%emt 00:00:37]} 43. Rxf5 {[%clk 00:28:34]} {[%emt
00:00:25]} Ke7 {[%clk 01:05:35]} {[%emt 00:00:34]} 44. Rh3 {[%clk 00:26:48]}
{[%emt 00:02:16]} Rh8 {[%clk 01:05:31]} {[%emt 00:00:35]} 45. Ka4 {[%clk
00:24:56]} {[%emt 00:02:21]} b6 {[%clk 01:05:38]} {[%emt 00:00:24]} 46. Kb5
{[%clk 00:24:29]} {[%emt 00:00:56]} 1-0